000
00243nam a22001097a 4500
003
NUST
082
_a
813.6,SHA
100
_a
Shafak, Elif
_9
9827
245
_a
The Forty Rules of Love /
_c
Elif Shafak,
650
_a
Novel
_9
2525
942
_2
ddc
_c
BK
999
_c
591465
_d
591465